000
00310nam a2200145Ia 4500
100
_a
Britton /J.K
942
_c
BK
654
_a
maths
245
_a
University Mathematics .II
260
_b
W.H Freeman & Co
_a
San Francisco
_c
1975
082
_a
510
_b
BRI
300
_a
644
546
_a
ENGLISH
999
_c
27335
_d
27335